00721nam a2200217 a 4500001000900000005001700009008003900026020001500065040001800080041001100098050002200109100002900131245009300160260003600253300004200289440004500331500004300376500003500419650003000454700001900484BRCA_36820190320202959.0720710s1972 nyua 000 0 eng a0834810050 aDLCcDLCdDLC aengjpn 4aND2071b.T36 19721 aTanaka, Ichimatsud1895-10aJapanese Ink PaintingbShubun to SesshucIchimatsu Tanaka ; translated by Bruce Darling. aNueva YorkbWeatherhillc[1972] a174 p.bil. (algunas a color)c24 cm. 0aThe Heibonsha Survey of Japanese Artv12 aTraducción de: Shubun kara Sesshu e. aDonación Fundación Japón14aPintura japonesa en tinta1 aDarling, Bruce